| 000 | 01085nam a22002057a 4500 | ||
|---|---|---|---|
| 999 |
_c17988 _d17988 |
||
| 003 | BDDh-ASL | ||
| 005 | 20231015025651.0 | ||
| 008 | 200916b1983 ||||| |||| 00| 0 d | ||
| 040 |
_aBDDh-ASL _cBDDh-ASL _dBDDh-ASL |
||
| 041 | _abengali | ||
| 082 |
_a297.1 _bYAI |
||
| 100 |
_9818 _aইয়াহিয়া, আবুল ফায়েজ মুহাম্মদ |
||
| 245 | 1 |
_aইসলামের মৌল কাঠামো ও তার বাস্তবায়ন/ _cআবুল ফায়েদ মুহাম্মদ ইয়াহিয়া ও ফরীদ উদ্দীন মাসউদ । |
|
| 246 | _aIslamer Maulo Kathamo O Tar Bastobayon. | ||
| 260 |
_aঢাকা: _bইসলামিক ফাউণ্ডেশন বাংলাদেশ, _c১৯৮৩। |
||
| 300 |
_a১১১ পৃষ্ঠা: _c২১ পৃষ্ঠা। |
||
| 650 | 0 |
_9749 _aইসলামী সমাজ ব্যবস্থা _xইসলাম ধর্ম |
|
| 700 |
_9819 _aমাসঊদ, ফরীদ উদ্দীন |
||
| 942 |
_2ddc _cBK |
||